| 000 | 00341nam a22001337a 4500 | ||
|---|---|---|---|
| 008 | 181015b xxu||||| |||| 00| 0 eng d | ||
| 020 | _a9781557987914 | ||
| 041 | _aeng | ||
| 080 |
_25th _a159.9 |
||
| 100 | _a48 | ||
| 101 | _aPSI | ||
| 245 |
_aPublication Manual of the American Psychological Association _cWashington,DC |
||
| 942 |
_2udc _cBK |
||
| 999 |
_c49644 _d49644 |
||